<?xml version="1.0" encoding="UTF-8"?><?xml-stylesheet type="text/xsl" href="static/style.xsl"?><OAI-PMH xmlns="http://www.openarchives.org/OAI/2.0/" xmlns:xsi="http://www.w3.org/2001/XMLSchema-instance" xsi:schemaLocation="http://www.openarchives.org/OAI/2.0/ http://www.openarchives.org/OAI/2.0/OAI-PMH.xsd"><responseDate>2026-04-14T03:16:34Z</responseDate><request verb="GetRecord" identifier="oai:www.recercat.cat:20.500.14342/1736" metadataPrefix="marc">https://recercat.cat/oai/request</request><GetRecord><record><header><identifier>oai:recercat.cat:20.500.14342/1736</identifier><datestamp>2025-05-23T17:17:22Z</datestamp><setSpec>com_2072_482405</setSpec><setSpec>com_2072_183628</setSpec><setSpec>col_2072_482411</setSpec></header><metadata><record xmlns="http://www.loc.gov/MARC21/slim" xmlns:dcterms="http://purl.org/dc/terms/" xmlns:xsi="http://www.w3.org/2001/XMLSchema-instance" xmlns:doc="http://www.lyncode.com/xoai" xsi:schemaLocation="http://www.loc.gov/MARC21/slim http://www.loc.gov/standards/marcxml/schema/MARC21slim.xsd">
   <leader>00925njm 22002777a 4500</leader>
   <datafield ind2=" " ind1=" " tag="042">
      <subfield code="a">dc</subfield>
   </datafield>
   <datafield ind2=" " ind1=" " tag="720">
      <subfield code="a">Artigas Miralles, Lourdes</subfield>
      <subfield code="e">author</subfield>
   </datafield>
   <datafield ind2=" " ind1=" " tag="720">
      <subfield code="a">Vilaregut, Anna</subfield>
      <subfield code="e">author</subfield>
   </datafield>
   <datafield ind2=" " ind1=" " tag="720">
      <subfield code="a">Vall, Berta</subfield>
      <subfield code="e">author</subfield>
   </datafield>
   <datafield ind2=" " ind1=" " tag="720">
      <subfield code="a">Mateu Martínez, Clara</subfield>
      <subfield code="e">author</subfield>
   </datafield>
   <datafield ind2=" " ind1=" " tag="720">
      <subfield code="a">Seikkula, Jaakko</subfield>
      <subfield code="e">author</subfield>
   </datafield>
   <datafield ind2=" " ind1=" " tag="260">
      <subfield code="c">2019</subfield>
   </datafield>
   <datafield ind2=" " ind1=" " tag="520">
      <subfield code="a">Investigaciones previas han encontrado patrones comunicativos específicos en pare-jas que lidian con la depresión, específicamente cuando la depresión está asociada con problemas conyugales. Este hecho puede conllevar a que las parejas presenten dificultades para desarrollar una comunicación colaborativa en las sesiones, lo que supone un verdadero reto para los terapeutas. Este estudio exploratorio examina desde un  enfoque  dialógico  la  dominancia  y  el  tipo  de  diálogo  establecido  en  una  pareja que lidia con la depresión y que presenta un bajo ajuste diádico. Las respuestas de los terapeutas fueron exploradas para identificar cuáles fueron las más efectivas al propiciar una actitud colaborativa. El método utilizado para analizar el diálogo fue el Método de Investigaciones Dialógicas de Cambio (IDC). Los resultados sugirieron cualidades  del  diálogo  ilustrativas  del  malestar  conyugal  presente  en  la  pareja.  Se identificaron respuestas terapéuticas a través del diálogo que pueden resultar eficaces si se mantienen a lo largo de la sesión para reducir la hostilidad en la pareja. Se discuten algunas implicaciones clínicas surgidas de los resultados.</subfield>
   </datafield>
   <datafield ind2=" " ind1=" " tag="520">
      <subfield code="a">Previous investigations have found specific communication patterns in couples dealing with depression, specifically when depression concurs with conjugal conflicts. The presence of these patterns can reflect the couples’ difficulties to engage in collaborative communication during their sessions, posing a real challenge for therapists. This ex-ploratory study uses a dialogical approach to examine issues of dominance and quality of dialogue in a couple dealing with depression and presenting a low level of dyadic adjustment.  The  therapists’  interventions  were  explored  in  order  to  detect  the  kinds of responses that were most effective at enhancing a collaborative attitude in therapy sessions. The method used to analyze the dialogue was Dialogical Investigations of Happenings  of  Change  (DIHC).  Results  on  dialogical  qualities  were  illustrative  of the relational dynamics of the couple. The findings indicated that certain therapists’ responses, within the dialogue, could be useful in reducing the hostility between the couple, as long as the responses are maintained over the course of the session. Some research and clinical implications that emerge from the results are discussed.</subfield>
   </datafield>
   <datafield ind1="8" ind2=" " tag="024">
      <subfield code="a">http://hdl.handle.net/20.500.14342/1736</subfield>
   </datafield>
   <datafield tag="653" ind2=" " ind1=" ">
      <subfield code="a">Depressió psíquica</subfield>
   </datafield>
   <datafield tag="653" ind2=" " ind1=" ">
      <subfield code="a">Teràpia de la parella</subfield>
   </datafield>
   <datafield tag="653" ind2=" " ind1=" ">
      <subfield code="a">Diàleg</subfield>
   </datafield>
   <datafield ind2="0" ind1="0" tag="245">
      <subfield code="a">Diálogo Abierto: Una aproximación narrativa a un caso de terapia de pareja con malestar conyugal</subfield>
   </datafield>
</record></metadata></record></GetRecord></OAI-PMH>